000 00378nam a2200157Ia 4500
003 Ost
005 20260225132551.0
008 260225s9999||||xx |||||||||||||| ||und||
040 _cfsic
041 _afre
082 _a398.2
100 _aFrancesco Casetti
_eAuteur
245 0 _aCommunications :
245 0 _btélévisions ,mutations /
_cFrancesco Casetti
942 _cكتاب
999 _c34165
_d34165